Uczestnicy programu Sabotażysta - Statystyki

Ogólne statystyki
  • Ten quiz został rozwiązany 27 razy
  • Średni wynik to 24 z 47
Statystyki odpowiedzi
Hint Odpowiedź % Poprawnych
Sezon 4 Patryk "Kizo” Woziński
91%
Sezon 4 Dominik "Mokry Suchar” Stokłosa
87%
Sezon 4 Tymoteusz Puchacz
83%
Sezon 4 Łukasz "Kuqe” Dziemiński
78%
Sezon 4 Natalia "Natsu” Karczmarczyk
78%
Sezon 4 Hanna "Hi Hania” Puchalska
74%
Sezon 3 Jakub "Patec" Patecki
70%
Sezon 4 Marta "Murcix” Błoch
70%
Sezon 4 Mateusz "Tromba” Trąbka
70%
Sezon 4 Sebastian Fabijański
70%
Sezon 3 Krystian "Góral" Hereśka
65%
Sezon 2 Piotr "ŁatwoGang"
65%
Sezon 3 Tomasz "Gimper" Działowy
65%
Sezon 1 Jakub Glenc
61%
Sezon 2 Jakub Glenc
61%
Sezon 2 Karolina "Nieuczesana" Brodnicka
57%
Sezon 1 Marek Wita
57%
Sezon 2 Julia Żugaj
52%
Sezon 2 Maria Jeleniewska
52%
Sezon 2 Mikołaj "Konopski" Tylko
52%
Sezon 2 Piotr "Nowciax" Nowak
52%
Sezon 1 Szymon "Szumi" Szumciak
52%
Sezon 3 Kamil "Kaluch" Kaliński
48%
Sezon 1 Marcin Dubiel
48%
Sezon 3 Marcin "Prawo Marcina" Kruszewski
48%
Sezon 3 Marta "Martirenti" Rentel
48%
Sezon 4 Sylwia Gaczorek
48%
Sezon 1 Faustyna "Fausti" Fugińska
43%
Sezon 1 Katarzyna "Kasix" Paciorek
43%
Sezon 3 Oskar "Oski" Haracz
43%
Sezon 2 Wojciech "OjWojtek" Przeździecki
43%
Sezon 4 Żaklina Ta Dinh
43%
Sezon 2 Adam "AJ" Josef
39%
Sezon 4 Artur Karapetyan
39%
Sezon 3 Dominika Rybak
39%
Sezon 1 Filip "Yoshi" Panek
39%
Sezon 2 Kacper "Kinderski" Bajraszewski
39%
Sezon 2 Nadia Długosz
39%
Sezon 3 Jakub "Kubańczyk" Flas
35%
Sezon 1 Sebastian "Czajnik" Czajewski
35%
Sezon 1 Klaudia "Sheeya" Kołodziejczyk
30%
Sezon 1 Monika Kociołek
30%
Sezon 1 Wiktoria "Toffiki" Wierzgoń
30%
Sezon 3 Karolina Byrgiel
26%
Sezon 3 Marcel Wasiluk
26%
Sezon 3 Julia Machunik
22%
Sezon 2 Kaja Soboń
22%
Nie znaleziono quizów pasujących do podanych kryteriów
Rozkład punktacji
Procent ludzi z każdym wynikiem
Percentyl według liczby udzielonych odpowiedzi
Twoja historia wyników
Nie rozwiązałeś tego quizu